Central Library OPAC University of Rajshahi

Mathematics and statistics for technologists / (Record no. 7615)

MARC details
000 -LEADER
fixed length control field 00826cam a22002771 4500
001 - CONTROL NUMBER
control field 7615
003 - CONTROL NUMBER IDENTIFIER
rucl marc code BD-RjUL
005 - DATE AND TIME OF LATEST TRANSACTION
control field 20211208234439.0
008 - FIXED-LENGTH DATA ELEMENTS--GENERAL INFORMATION
fixed length control field 150114s1966 e 001 0 eng d
035 ## - SYSTEM CONTROL NUMBER
System control number (BD-RjUL)7659
System control number (OCoLC)5753403
040 ## - CATALOGING SOURCE
Original cataloging agency DLC
Transcribing agency FTaSU
Modifying agency DLC
-- BD-RjUL
Language of cataloging eng
041 ## - LANGUAGE CODE
Language code of text/sound track or separate title eng
082 ## - DEWEY DECIMAL CLASSIFICATION NUMBER
Classification number 510
Author mark and year CUM 1966
100 1# - MAIN ENTRY--PERSONAL NAME
Personal name Cuming, Henry George.
9 (RLIN) 23753
245 10 - TITLE STATEMENT
Title Mathematics and statistics for technologists /
Statement of responsibility, etc. H. G. Cuming and C. J. Anson.
260 ## - PUBLICATION, DISTRIBUTION, ETC. (IMPRINT)
Place of publication, distribution, etc. London,
Name of publisher, distributor, etc. Heywood Books,
Date of publication, distribution, etc. c1966.
300 ## - PHYSICAL DESCRIPTION
Pagination 490 p.
Illustrations tables, diagrs.
Size 25 cm.
650 #0 - SUBJECT ADDED ENTRY--TOPICAL TERM
Topical term or geographic name as entry element Mathematics.
9 (RLIN) 23754
Topical term or geographic name as entry element Mathematical statistics.
9 (RLIN) 23755
Topical term or geographic name as entry element Probabilities.
9 (RLIN) 23756
700 1# - ADDED ENTRY--PERSONAL NAME
Personal name Anson, Cyril Joseph,
Relator term joint author.
942 ## - ADDED ENTRY ELEMENTS (KOHA)
Source of classification or shelving scheme Dewey Decimal Classification
Koha item type Books
Holdings
Lost status Source of classification or shelving scheme Damaged status Not for loan Collection code Permanent Location Current Location Shelving location Date acquired Source of acquisition Cost, normal purchase price Total Checkouts Full call number Date last seen Copy number Koha item type
  Dewey Decimal Classification   Not For Loan Non-fiction Central Library, University of Rajshahi Central Library, University of Rajshahi   20/08/1977 dr. altaf huss. 125.00   510 CUM 1966 15/01/2014 C-1 Books